Ročenka československého učitelstva Roč. I., 1928

Bibliographic Details
Format: Serial
Language:English
Published: Brno Vydavatelský odbor ÚSJU na Moravě

MARC

LEADER 00000nas a2200000 a 4500
001 vtls001519004
003 SK-MaSNL
005 20260221120815.0
008 240130c xr mr1 0 0eng d
040 |a SNK  |b slo  |c SNK 
044 |a xr  |c CZ 
245 1 0 |a Ročenka československého učitelstva Roč. I., 1928 
260 |a Brno  |b Vydavatelský odbor ÚSJU na Moravě 
999 |c 6594  |d 8524 
952 |0 0  |1 1  |3 rekatalogizácia  |4 0  |7 0  |a SNK  |b SNK  |d 2005-03-10  |i snkD 618/81  |l 0  |o snkČD 1535/1/1928  |p 17A0459965  |r 2026-02-21 21:20:30  |w 2026-02-21  |y VYP